000 01243nam0a22002651 4500
001 rc\2963486
005 20260406185829.0
035 _a(NLR Aleph) 007109996
090 _a6757962
_c6757962
100 _a20080122d1934 |||y0rusy50 ca
101 0 _arus
102 _aRU
105 _ay z ||||y
200 1 _aТема I "Оборона стрелкового батальона"
_eСписок рекоменд. лит-ры и контрольные вопросы
_fНач. Кафедры тактики В. Лазаревич
_gВоен.-трансп. акад. РККА им. т. Кагановича, Л.М. Техн. факультеты. 1 курс. 1934 учеб. г.
210 _a[Москва]
_cБ. и.
_d[1934]
_gтип. им. т. Кагановича
215 _a[2] с.
_d22х15 см
517 0 0 _aОборона стрелкового батальона
702 1 _aЛазаревич
_bВ.
_4220
710 0 2 _aВоенно-транспортная академия им. Л. М. Кагановича
_bКафедра тактики
_cЛенинград
_9399077
_3RU\NLR\AUTH\889951563
801 0 _aRU
_bNLR
_gpsbo
801 1 _aRU
_bELAR
_2rusmarc
852 _aNLR
_j34-10/1911
942 _cBOOK
980 _aNB